| 000 | 01172nam a22003257a 4500 | ||
|---|---|---|---|
| 003 | CHAP | ||
| 005 | 20220329140805.0 | ||
| 008 | 971013s1967 r 00010 d | ||
| 010 | _a57657 | ||
| 011 | _a58629 | ||
| 035 | _a62784 | ||
| 040 | _cCHAP | ||
| 082 |
_a634.9016 _bS83 |
||
| 100 | 0 | 0 |
_aStanley, Robert G. _eed. _9109462 |
| 245 | _aTheses in forestry and related subjects, accepted at the University of Florida through JUne, 1966 | ||
| 260 |
_aGainesville, Fla. : _bInstitute of Food and Agricultural Sciences. School of Forestry, _c1967 |
||
| 300 | _a194 p. | ||
| 490 | _aSchool of Forestry Miscellaneous Publication | ||
| 590 |
_aBATCH-UPD _b10 _c20130110 _lUCH01 _h0714 |
||
| 590 |
_aBATCH-UPD _b10 _c20130110 _lUCH01 _h2342 |
||
| 590 |
_aBATCH-UPD _b10 _c20130410 _lUCH01 _h0359 |
||
| 590 |
_aBATCH-UPD _b10 _c20130914 _lUCH01 _h0716 |
||
| 590 |
_aCONVERSION _b10 _c20130109 _lUCH01 _h1331 |
||
| 650 | 1 | 4 |
_aBosques _xBibliografía. _914095 |
| 650 | 1 | 4 |
_aTesis _xSumarios. _9112469 |
| 830 | 0 |
_aSchool of Forestry Miscellaneous Publication _9103138 |
|
| 901 | _aBK | ||
| 942 | _cLIBRO | ||
| 949 |
_a634.9016 S83 _bBC _cLIBRO _d33724000648564 _eLIBRO _h11979 _i62784 _mD _si |
||
| 999 |
_c57657 _d57657 |
||